Vývojové tendencie a perspektívy sociálneho marketingu dizertačná práca

Uložené v:
Podrobná bibliografia
Hlavný autor: Jašíková, Daniela
Korporativný autor: Obchodná fakulta EU. Katedra marketingu
Ďalší autori: Hanuláková, Eva, 1964-
Médium: Kniha
Jazyk:Slovak
Vydavateľské údaje: Bratislava 2010
Predmet:
Tagy: Pridať tag
Žiadne tagy, Buďte prvý, kto otaguje tento záznam!

MARC

LEADER 00000nam$a2200000$$$4500
001 0113271
005 20221207094933.7
041 0 |a slo 
044 |a SK 
245 1 0 |a Vývojové tendencie a perspektívy sociálneho marketingu  |b dizertačná práca  |c Daniela Jašíková ; školiteľ Eva Hanuláková 
264 1 |a Bratislava  |c 2010 
300 |a 176 s. 
610 2 0 |a marketing sociálny 
610 2 0 |a správanie sociálne 
610 2 0 |a vývoj 
610 2 0 |a kampane reklamné 
610 2 0 |a dotazníky 
100 1 |a Jašíková, Daniela 
700 1 |a Hanuláková, Eva, 1964- 
710 2 |a Obchodná fakulta EU. Katedra marketingu